UEFA Champions League Final Venues - Statistics

General Stats
  • This quiz has been taken 9 times
  • The average score is 19 of 34
Answer Stats
Year Fixture Venue % Correct
2025 PSG - Inter Allianz Arena
86%
2009 Barcelona - Man Utd Stadio Olimpico
86%
2012 Chelsea - Bayern Allianz Arena
71%
2023 Man City - Inter Atatürk Olympic Stadium
71%
2020 Bayern - PSG Estádio da Luz
71%
2010 Inter - Bayern Estadio Santiago Bernabéu
71%
2018 Real Madrid - Liverpool NSC Olimpiyskiy
71%
2015 Barcelona - Juventus Olympiastadion Berlin
71%
2026 PSG - Arsenal Puskás Aréna
71%
2016 Real Madrid - Atletico Stadio San Siro
71%
2024 Real Madrid - Dortmund Wembley Stadium
71%
2013 Bayern - Dortmund Wembley Stadium
71%
2011 Barcelona - Man Utd Wembley Stadium
71%
2005 Liverpool - AC Milan Atatürk Olympic Stadium
57%
2014 Real Madrid - Atletico Estádio da Luz
57%
2019 Liverpool - Tottenham Estadio Metropolitano
57%
2002 Real Madrid - Leverkusen Hampden Park
57%
2008 Man Utd - Chelsea Luzhniki Stadium
57%
2022 Real Madrid - Liverpool Stade de France
57%
2006 Barcelona - Arsenal Stade de France
57%
1996 Juventus - Ajax Stadio Olimpico
57%
1999 Man Utd - Bayern Camp Nou
43%
1995 Ajax - AC Milan Ernst-Happel-Stadion
43%
1997 Dortmund - Juventus Olympiastadion Munich
43%
1993 Marseille - AC Milan Olympiastadion Munich
43%
2007 AC Milan - Liverpool Spyros Louis Athens Olympic Stadium
43%
1994 AC Milan - Barcelona Spyros Louis Athens Olympic Stadium
43%
2000 Real Madrid - Valencia Stade de France
43%
2001 Bayern - Valencia Stadio San Siro
43%
2004 Porto - Monaco VELTINS-Arena
43%
2021 Chelsea - Man City Estádio do Dragão
29%
2003 AC Milan - Juventus Old Trafford
29%
2017 Real Madrid - Juventus Principality Stadium
29%
1998 Real Madrid - Juventus Johan Cruijff ArenA
0%
No matching quizzes found
Score Distribution
Percent of People with Each Score
Percentile by Number Answered
Your Score History
You have not taken this quiz